000 00391cam a22001097a 4500
008 180718b2003 xxu||||| |||| 00| 0 eng d
100 _aPargal, Sheoli
245 _aRegulation and private sector investment in infrastructure: evidence from Latin America
_cby Sheoli Pargal
260 _aWashington, .D.C.
_bWorld Bank
_c2003
300 _a43p.
440 _aPolicy research working paper; no. 3037
999 _c289594
_d289594